¿Hacia dónde van los animales? : 21 poetas dialogan con el arte de Francisco Toledo /
Guardado en:
| 主要作者: | |
|---|---|
| 其他作者: | , |
| 格式: | 圖書 |
| 語言: | 西班牙语 |
| 出版: |
México :
Almadía,
2019, c2010
|
| 主題: | |
| 標簽: |
沒有標簽, 成為第一個標記此記錄!
|
MARC
| LEADER | 00000nam^a2200000^a^4500 | ||
|---|---|---|---|
| 001 | 000422974 | ||
| 005 | 20250526000000.0 | ||
| 009 | 20260310122615.001 | ||
| 020 | |a 978-607-8667-27-7 | ||
| 037 | |a Acervo ITESO - Biblioteca | ||
| 041 | |a ESP | ||
| 082 | |a 701. 06 |b TOL LUM | ||
| 100 | |a Toledo, Francisco |e (pintor) | ||
| 245 | 1 | 0 | |a ¿Hacia dónde van los animales? : |b 21 poetas dialogan con el arte de Francisco Toledo / |c Sellos de F. Toledo ; ed. de E. Lumbreras, E. Velasco. |
| 264 | 4 | |a México : |b Almadía, |c 2019, c2010 | |
| 300 | |a 145 p. ; |c 22.5 cm. | ||
| 336 | |a texto |b txt |2 rdacontenido | ||
| 337 | |a sin mediación |b n |2 rdamedio | ||
| 338 | |a volumen |b nc |2 rdasoporte | ||
| 545 | 0 | |a Francisco Toledo (Juchitán, Oaxaca, 1940 – Oaxaca, 2019), artista y promotor cultural. Cursó estudios en su estado natal, la ciudad de México y París y presentó su primera exposición a los 19 años de edad. Uno de los autores clave de la renovación de las artes plásticas mexicanas desarrollada tras el auge del muralismo, el artista oaxaqueño también figuró en forma central en la defensa y promoción del patrimonio artístico-histórico de México. Su amplia obra se extiende por los terrenos de la pintura, la fotografía, el diseño de tapices en colaboración con artesanos de Teotitlán del Valle, la cerámica, la escultura y la concepción, más que la mera ilustración, de libros de arte en los que sus creaciones dialogan con la escritura de Jorge Luis Borges o José Emilio Pacheco, entre otros autores. Albergan piezas suyas museos en Oaxaca, México, París, Nueva York, Filadelfia, Londres y Oslo, entre otros recintos. Designado en 1993 como creador emérito del Sistema Nacional de Creadores, fue reconocido en 1998 con el Premio Nacional de Ciencias y Artes. | |
| 586 | |a Premio Miguel de Cervantes 2009: Antologías | ||
| 586 | |a Premio FIL de Literatura en Lenguas Romances 2019: Antologías | ||
| 586 | |a Premio Nacional de Ciencias y Artes, categoría Bellas Artes (49°: 1998) | ||
| 586 | |a Premio Nacional de Ciencias y Artes, categoría Lingüística y Literatura (43°: 1992): Antologías | ||
| 586 | |a Premio Nacional de Ciencias y Artes, categoría Lingüística y Literatura (63°: 2012): Antologías | ||
| 586 | |a Premio Nacional de Ciencias y Artes, categoría Lingüística y Literatura (66°: 2015), ex aequo: Antologías | ||
| 649 | |a XX | ||
| 650 | |a Pintores Mexicanos | ||
| 650 | |a Artistas Mexicanos | ||
| 650 | |a Libros de Artista | ||
| 650 | |a Poesía Mexicana | ||
| 650 | |a Pintura y Literatura - |z México | ||
| 650 | |a Literatura Mexicana - |y Siglo XX | ||
| 650 | |a Literatura Mexicana - |y Siglo XXI | ||
| 650 | |a Sellos - |z México | ||
| 650 | |a Animales en la Pintura - |z México | ||
| 650 | |a Animales en el Arte - |z México | ||
| 650 | |a Pintura Moderna - |z México | ||
| 650 | |a Pintura Mexicana - |y Siglo XXI | ||
| 650 | |a Arte Moderno - |z México | ||
| 650 | |a Arte Mexicano - |y Siglo XXI | ||
| 650 | |a Toledo, Francisco - |x Tema Principal | ||
| 700 | |a Lumbreras, Ernesto |e (edición) | ||
| 700 | |a Velasco, Efraín |e (edición) | ||
| 910 | |a Fondo General | ||
| 920 | |a Impresos - Libros | ||
| 930 | |a Libros Antiguos y Raros | ||
| 905 | |a 108 | ||
| 901 | |a 0500341804 |b IT2 |c LRA |i C172686 |u 20250526 | ||
| 902 | |a https://opac.biblio.iteso.mx/vufind/Record/000422974 | ||